[Event "Rated Blitz tournament EYisW8gC"]
[Site "?"]
[Date "2021.07.20"]
[Round "?"]
[White "Butlerpigeon99"]
[Black "Melitopol_Chery"]
[Result "1-0"]
[WhiteElo "2416"]
[BlackElo "2354"]
[PlyCount "107"]
[EventDate "2021.??.??"]
[EventType "blitz"]

1. e4 e5 2. Nf3 d5 3. exd5 e4 4. Qe2 Nf6 5. d3 Qxd5 6. Nc3 Bb4 7. dxe4 Nxe4 8.
Bd2 Bxc3 9. Bxc3 O-O 10. Qc4 Nxc3 11. Qxc3 Re8+ 12. Be2 Bg4 13. Kf1 Nc6 14. Rd1
Qe6 15. Bc4 Qe7 16. h3 Bh5 17. g4 Bg6 18. Bd3 Rad8 19. Kg2 Rxd3 20. Rxd3 Bxd3
21. Qxd3 Qe6 22. Re1 Qc8 23. Qf5 g6 24. Qxc8 Rxc8 25. c3 Kf8 26. b4 Rd8 27. b5
Ne7 28. Ng5 Rd2 29. Nxh7+ Ke8 30. Nf6+ Kd8 31. a4 c6 32. c4 a6 33. b6 Rd4 34.
a5 Rd6 35. g5 Re6 36. Rd1+ Kc8 37. Ne8 Nf5 38. Nc7 Re2 39. Rd3 Rc2 40. Kf1 Nh4
41. Re3 Rc1+ 42. Ke2 Rxc4 43. Kd3 Rc5 44. Re8+ Kd7 45. Re4 Rd5+ 46. Rd4 Rxd4+
47. Kxd4 Kd6 48. Nxa6 c5+ 49. Nxc5 Nf5+ 50. Kc4 Kc6 51. Nb3 Nd6+ 52. Kb4 Nb5
53. Nd4+ Nxd4 54. Kc4 {Time forfeit} 1-0

[Event "Rated Blitz game"]
[Site "?"]
[Date "2021.07.20"]
[Round "?"]
[White "FlaggingIsADisease"]
[Black "olarovfan"]
[Result "0-1"]
[WhiteElo "2572"]
[BlackElo "2606"]
[PlyCount "52"]
[EventDate "2021.??.??"]
[EventType "blitz"]

1. e4 e5 2. Nf3 d5 3. d4 dxe4 4. Nxe5 Bd6 5. Bc4 Bxe5 6. Qh5 Qxd4 7. Qxf7+ Kd8
8. Nc3 Qd7 9. Qf8+ Qe8 10. Bg5+ Bf6 11. Qxg7 Bxg5 12. Qxh8 Nf6 13. Qg7 Qg6 14.
Rd1+ Nbd7 15. Qh8+ Qe8 16. Qg7 Qg6 17. Qf8+ Qe8 18. Qc5 Bh6 19. O-O c6 20. Rfe1
e3 21. Qd6 Qe7 22. Qg3 Qg7 23. Qf3 Kc7 24. fxe3 Ne5 25. Qe2 Bg4 26. Qf1 Rf8 {
Time forfeit} 0-1

[Event "Rated Blitz game"]
[Site "?"]
[Date "2021.07.20"]
[Round "?"]
[White "TheBigDealHimself"]
[Black "FourNinetySix"]
[Result "0-1"]
[WhiteElo "2379"]
[BlackElo "2489"]
[PlyCount "110"]
[EventDate "2021.??.??"]
[EventType "blitz"]

1. e4 e5 2. Nf3 d5 3. exd5 Bd6 4. d4 e4 5. Ne5 Nf6 6. c4 c5 7. dxc6 Nxc6 8.
Nxc6 bxc6 9. Be2 O-O 10. Nc3 Rb8 11. O-O Qc7 12. h3 Bf5 13. Bg5 Nd7 14. Qd2 h6
15. Be3 Nf6 16. b3 Qd7 17. Rfd1 Bxh3 18. Bf4 Bxf4 19. Qxf4 Bf5 20. d5 Bg6 21.
dxc6 Qxc6 22. Rd6 Qc5 23. Rad1 Qf5 24. Qxf5 Bxf5 25. Ra6 Rb7 26. Nd5 Nxd5 27.
Rxd5 Bg6 28. f3 Re8 29. Kf2 Rbe7 30. f4 e3+ 31. Ke1 Be4 32. Re5 Rxe5 33. fxe5
Re7 34. Bf3 Bd3 35. Rd6 Bb1 36. a3 Rxe5 37. Ke2 g6 38. b4 Ba2 39. Bd5 Kg7 40.
Rd7 Kf6 41. Rxf7+ Kg5 42. Rxa7 h5 43. a4 Kg4 44. Rg7 g5 45. a5 Bb1 46. a6 Bd3+
47. Ke1 Kg3 48. a7 Rf5 49. Bf3 g4 50. a8=Q Kh2 51. Qc8 gxf3 52. gxf3 Rxf3 53.
Qc7+ Kh3 54. Rf7 Rg3 55. Qe7 Rg1+ {Time forfeit} 0-1

[Event "Rated Blitz game"]
[Site "?"]
[Date "2021.07.20"]
[Round "?"]
[White "H0M3R0"]
[Black "FourNinetySix"]
[Result "0-1"]
[WhiteElo "2317"]
[BlackElo "2494"]
[PlyCount "102"]
[EventDate "2021.??.??"]
[EventType "blitz"]

1. e4 e5 2. Nf3 d5 3. exd5 Bd6 4. Bb5+ c6 5. dxc6 Nxc6 6. O-O Nf6 7. d4 exd4 8.
Nxd4 O-O 9. Nxc6 bxc6 10. Bxc6 Qc7 11. Bxa8 Bxh2+ 12. Kh1 Bg4 13. Bf3 Rd8 14.
Bxg4 Rxd1 15. Bxd1 Be5 16. c3 Qc4 17. Re1 Qh4+ 18. Kg1 Qh2+ 19. Kf1 Qh1+ 20.
Ke2 Qxg2 21. Be3 Ne4 22. Nd2 Ng3+ 23. Kd3 Nf5 24. Bf3 Qg6 25. Be4 Qd6+ 26. Kc2
Nxe3+ 27. fxe3 g6 28. Rh1 Qc5 29. Rae1 a5 30. Nb3 Qb6 31. Nd4 a4 32. Rh6 Bg7
33. Rh3 h5 34. Rf1 Qc5 35. Rg3 Qc4 36. Bd3 Qxa2 37. Rfg1 Bxd4 38. exd4 Qb3+ 39.
Kc1 a3 40. bxa3 Qxc3+ 41. Bc2 Qa1+ 42. Kd2 Qxd4+ 43. Kc1 Qa1+ 44. Bb1 h4 45.
Rh3 Qd4 46. Rgh1 g5 47. R3h2 f6 48. Bc2 Qa1+ 49. Kd2 Qxa3 50. Rf1 Qd6+ 51. Kc1
Qxh2 {Normal} 0-1

[Event "Rated Blitz game"]
[Site "?"]
[Date "2021.07.20"]
[Round "?"]
[White "GloomyHoneyBadger"]
[Black "oJUNYHuTANGc0"]
[Result "1-0"]
[WhiteElo "2451"]
[BlackElo "2402"]
[PlyCount "49"]
[EventDate "2021.??.??"]
[EventType "blitz"]

1. e4 e5 2. Nf3 d5 3. exd5 e4 4. Ne5 Qxd5 5. d4 exd3 6. Nxd3 Bf5 7. Nc3 Qe6+ 8.
Be3 Nc6 9. Be2 O-O-O 10. O-O Nf6 11. Qc1 Bd6 12. Re1 h5 13. Bf3 Ng4 14. Bg5
Bxh2+ 15. Kh1 Qd6 16. Bxd8 Bxd3 17. Bh4 Bf5 18. Ne4 Bxe4 19. Rxe4 g5 20. Qxg5
f6 21. Bxg4+ hxg4 22. Qxg4+ Kb8 23. Rd1 f5 24. Qe2 Qf6 25. Re8+ {Normal} 1-0

[Event "Rated Blitz tournament 3k93deTs"]
[Site "?"]
[Date "2021.07.20"]
[Round "?"]
[White "Starinov"]
[Black "Tatiana_Kostak"]
[Result "1-0"]
[WhiteElo "2430"]
[BlackElo "2222"]
[PlyCount "41"]
[EventDate "2021.??.??"]
[EventType "blitz"]

1. e4 e5 2. Nf3 d5 3. d4 dxe4 4. Nxe5 Bd6 5. Nc4 Nf6 6. Bg5 Nc6 7. c3 Bf5 8.
Be2 O-O 9. O-O h6 10. Bh4 Be7 11. Bxf6 Bxf6 12. Nbd2 g5 13. Ne3 Bg6 14. Bg4 Ne7
15. Qb3 b6 16. Rae1 c6 17. f3 exf3 18. Rxf3 Bg7 19. Bf5 Nxf5 20. Nxf5 Qd5 21.
Ne7+ {Normal} 1-0

[Event "Rated Blitz tournament tTTBSpuy"]
[Site "?"]
[Date "2021.07.20"]
[Round "?"]
[White "Loafer56"]
[Black "Mrkool1_2020"]
[Result "1-0"]
[WhiteElo "2405"]
[BlackElo "2228"]
[PlyCount "49"]
[EventDate "2021.??.??"]
[EventType "blitz"]

1. e4 e5 2. Nf3 d5 3. Nxe5 Bd6 4. d4 dxe4 5. Bc4 Bxe5 6. Qh5 Qe7 7. Qxe5 Qxe5
8. dxe5 Nc6 9. Bb5 Bd7 10. Bxc6 Bxc6 11. Bf4 O-O-O 12. Nd2 h6 13. h4 Ne7 14. h5
Rhe8 15. O-O-O f5 16. exf6 gxf6 17. Bxh6 Nf5 18. Bf4 Nd4 19. Kb1 f5 20. h6 Ne2
21. Bg5 Rd6 22. Nc4 Rg6 23. h7 Rh8 24. Ne5 Re6 25. Nf7 {Normal} 1-0

[Event "Rated Blitz game"]
[Site "?"]
[Date "2021.07.20"]
[Round "?"]
[White "Zdorovan"]
[Black "rofaidah"]
[Result "0-1"]
[WhiteElo "2461"]
[BlackElo "2452"]
[PlyCount "96"]
[EventDate "2021.??.??"]
[EventType "blitz"]

1. e4 e5 2. Nf3 d5 3. exd5 e4 4. Qe2 Nf6 5. Nc3 Bf5 6. d3 Bb4 7. dxe4 Bxc3+ 8.
bxc3 Bxe4 9. c4 O-O 10. Be3 c6 11. g3 cxd5 12. Bg2 d4 13. Bg5 Bxf3 14. Qxf3
Re8+ 15. Kf1 Nbd7 16. Qxb7 Qa5 17. Qb5 Qc3 18. Rd1 Rab8 19. Qf5 Qxc4+ 20. Qd3
Qxa2 21. h4 Rb2 22. Rc1 Rb1 23. Kg1 Rxc1+ 24. Bxc1 Re1+ 25. Kh2 Rxh1+ 26. Bxh1
g6 27. Bg5 Qb2 28. Bc6 Kg7 29. Bxd7 Nxd7 30. Kg2 Qb7+ 31. Kg1 Qd5 32. Be3 f6
33. Qxd4 Qxd4 34. Bxd4 a5 35. Kf1 Nb8 36. Ke2 Nc6 37. Kd3 Kf7 38. Bc5 Ke6 39.
Kc4 f5 40. Kb5 Ne5 41. Kxa5 Kd5 42. Kb5 Nc4 43. c3 Nd2 44. Be3 Nc4 45. Kb4 Nd6
46. Kb3 Nc4 47. Kb4 Nd6 48. Kb3 Ne4 {Time forfeit} 0-1

[Event "Rated Blitz game"]
[Site "?"]
[Date "2021.07.20"]
[Round "?"]
[White "musashino"]
[Black "GoughPhar"]
[Result "0-1"]
[WhiteElo "2400"]
[BlackElo "2458"]
[PlyCount "96"]
[EventDate "2021.??.??"]
[EventType "blitz"]

1. e4 e5 2. Nf3 d5 3. exd5 e4 4. Qe2 Nf6 5. Nc3 Be7 6. Ne5 O-O 7. Qc4 Re8 8.
Be2 Bd6 9. d4 exd3 10. Nxd3 Nbd7 11. O-O Nb6 12. Qh4 Nbxd5 13. Nxd5 Nxd5 14.
Qxd8 Rxd8 15. Bf3 Be6 16. Bg5 f6 17. Rfe1 Kf7 18. Bd2 c6 19. h3 Re8 20. c4 Nc7
21. b3 Bf5 22. Bb4 Bxb4 23. Nxb4 a5 24. Nxc6 bxc6 25. Bxc6 Rxe1+ 26. Rxe1 Rd8
27. Re2 Ne6 28. Bd5 Rd6 29. g4 Bd3 30. Re3 Bb1 31. a3 Ke7 32. b4 axb4 33. axb4
Kd7 34. Ra3 Nc7 35. Ra7 Kd8 36. Bf3 Bd3 37. c5 Re6 38. c6 Be4 39. Bxe4 Rxe4 40.
Rb7 Rc4 41. b5 Kc8 42. b6 Ne6 43. Re7 Rxc6 44. b7+ Kb8 45. f4 Rc1+ 46. Kf2 Nxf4
47. Rxg7 Nxh3+ 48. Kg3 Ng5 {Normal} 0-1

[Event "Rated Blitz game"]
[Site "?"]
[Date "2021.07.20"]
[Round "?"]
[White "td17"]
[Black "thomas_tscherrig"]
[Result "1-0"]
[WhiteElo "2490"]
[BlackElo "2340"]
[PlyCount "77"]
[EventDate "2021.??.??"]
[EventType "blitz"]

1. e4 e5 2. Nf3 d5 3. exd5 Bd6 4. d4 e4 5. Ne5 Ne7 6. Nc3 f6 7. Nc4 Bf5 8. Ne3
Bg6 9. a3 O-O 10. g3 f5 11. Ng2 c6 12. dxc6 Nbxc6 13. Be3 Rc8 14. Bc4+ Kh8 15.
Ba2 f4 16. Nxf4 Bxf4 17. gxf4 Qe8 18. Be6 Rd8 19. Qg4 Nxd4 20. O-O-O Nxe6 21.
Qxe6 Nc6 22. Qxe8 Rfxe8 23. Rxd8 Rxd8 24. Rd1 Rxd1+ 25. Kxd1 Kg8 26. Nb5 a6 27.
Nd6 b5 28. f5 Bh5+ 29. Kd2 Bf3 30. c4 bxc4 31. Nxc4 Kf7 32. Bg5 h6 33. Bh4 a5
34. Ke3 g5 35. fxg6+ Kxg6 36. Nd2 Ne5 37. Nxe4 Nc4+ 38. Kxf3 Nxb2 39. Be7 {
Normal} 1-0

[Event "Rated Blitz game"]
[Site "?"]
[Date "2021.07.20"]
[Round "?"]
[White "Arps89"]
[Black "KamranShirazi"]
[Result "0-1"]
[WhiteElo "2546"]
[BlackElo "2571"]
[PlyCount "114"]
[EventDate "2021.??.??"]
[EventType "blitz"]

1. e4 e5 2. Nf3 d5 3. exd5 e4 4. Ne5 Qxd5 5. d4 exd3 6. Nxd3 Bd6 7. Nc3 Qf5 8.
Be2 Nc6 9. O-O Nd4 10. Be3 Nxe2+ 11. Qxe2 Be6 12. a4 a6 13. Bd4 Nf6 14. Bxf6
gxf6 15. Ne4 O-O-O 16. Nxd6+ Rxd6 17. Rfe1 Rg8 18. Qe3 Kb8 19. b4 Bd5 20. g3
Re6 21. Qf4 Qh3 22. f3 Rge8 23. b5 Re2 24. Rxe2 Rxe2 25. Nf2 Rxf2 26. Kxf2
Qxh2+ 27. Ke3 Qxc2 28. Qd4 Qb3+ 29. Qd3 Qb2 30. Rb1 Qe5+ 31. Kf2 axb5 32. axb5
b6 33. Rd1 Be6 34. Qxh7 Qxb5 35. Qe4 Qb2+ 36. Qe2 Qxe2+ 37. Kxe2 c5 38. Ke3 Kc7
39. f4 f5 40. Rb1 Kc6 41. Rh1 b5 42. Rh8 b4 43. Rb8 b3 44. Kd3 c4+ 45. Kd4 Kc7
46. Rb4 Kd6 47. Rb6+ Kc7 48. Rb4 Kc6 49. Kc3 Kc5 50. Rb8 Kd5 51. Rd8+ Ke4 52.
Rh8 Kf3 53. Rh3 Kg4 54. Rh8 Kxg3 55. Rc8 Kxf4 56. Rxc4+ Bxc4 57. Kxc4 b2 {
Time forfeit} 0-1

[Event "Rated Blitz game"]
[Site "?"]
[Date "2021.07.20"]
[Round "?"]
[White "Codacm"]
[Black "Schachelite"]
[Result "0-1"]
[WhiteElo "2334"]
[BlackElo "2447"]
[PlyCount "80"]
[EventDate "2021.??.??"]
[EventType "blitz"]

1. e4 e5 2. Nf3 d5 3. exd5 e4 4. Qe2 Nf6 5. Nc3 Be7 6. Nxe4 O-O 7. d3 Re8 8. c4
c6 9. Be3 cxd5 10. Nxf6+ Bxf6 11. O-O-O d4 12. Bxd4 Rxe2 13. Bxf6 Qxf6 14. Bxe2
Nc6 15. d4 Bg4 16. d5 Nb4 17. a3 Qf4+ 18. Rd2 Bxf3 19. gxf3 Na6 20. b4 Rc8 21.
Rhd1 Nb8 22. Kb2 Qxh2 23. c5 g6 24. d6 h5 25. Bc4 Qe5+ 26. Kb3 Kg7 27. Re2 Qf6
28. Re7 Rf8 29. Rxb7 Qxf3+ 30. Rd3 Qxf2 31. d7 Nc6 32. Rc7 Ne5 33. d8=Q Rxd8
34. Rxd8 Qe3+ 35. Bd3 Nxd3 36. Rxd3 Qxd3+ 37. Ka4 Qa6+ 38. Kb3 h4 39. a4 Qd3+
40. Kb2 Qd2+ {Normal} 0-1

[Event "Rated Blitz game"]
[Site "?"]
[Date "2021.07.20"]
[Round "?"]
[White "Cherone"]
[Black "alaeldin112"]
[Result "1-0"]
[WhiteElo "2508"]
[BlackElo "2320"]
[PlyCount "55"]
[EventDate "2021.??.??"]
[EventType "blitz"]

1. e4 e5 2. Nf3 d5 3. Bc4 dxc4 4. Nxe5 Be6 5. O-O Nf6 6. f4 Nxe4 7. f5 Qd4+ 8.
Kh1 Bd5 9. Nf3 Nf2+ 10. Kg1 Nh3+ 11. Kh1 Qg1+ 12. Nxg1 Ng5 13. d3 Be7 14. Nc3
Bc6 15. dxc4 Nd7 16. Nd5 Bxd5 17. cxd5 O-O-O 18. c4 h5 19. Nf3 Ne4 20. Qd4 Ndc5
21. b4 Bf6 22. Ne5 Nd7 23. Bf4 Nd6 24. Rae1 Rde8 25. a4 b6 26. c5 Nxf5 27. Qd3
g6 28. Qa6+ {Normal} 1-0

[Event "Rated Rapid tournament 9EZN3jXW"]
[Site "?"]
[Date "2021.07.20"]
[Round "?"]
[White "Viktor_Tahirov555"]
[Black "Ahremchuk_A_A"]
[Result "1/2-1/2"]
[WhiteElo "2460"]
[BlackElo "2283"]
[PlyCount "67"]
[EventDate "2021.??.??"]
[EventType "rapid"]

1. e4 e5 2. Nf3 d5 3. d4 dxe4 4. Nxe5 Bd6 5. Bc4 Bxe5 6. dxe5 Qxd1+ 7. Kxd1 Nc6
8. Bf4 Nge7 9. Re1 Bf5 10. Bg3 O-O 11. Nc3 Ng6 12. Nxe4 Ngxe5 13. Bb3 Rad8+ 14.
Kc1 Rfe8 15. f3 Nd4 16. Ng5 Nxb3+ 17. axb3 f6 18. Rxa7 Nc6 19. Rxe8+ Rxe8 20.
Rxb7 fxg5 21. Rxc7 Nd4 22. b4 Nxc2 23. Rxc2 Bxc2 24. Kxc2 Kf7 25. b5 Ke6 26. b6
Re7 27. Kc3 Kd5 28. Bc7 Kc6 29. Kd3 Re1 30. g4 Rb1 31. Ke4 Rxb2 32. Kf5 Rf2 33.
Kxg5 Rxf3 34. h4 {Normal} 1/2-1/2

[Event "Rated Blitz game"]
[Site "?"]
[Date "2021.07.20"]
[Round "?"]
[White "hadesin"]
[Black "rofaidah"]
[Result "0-1"]
[WhiteElo "2416"]
[BlackElo "2409"]
[PlyCount "52"]
[EventDate "2021.??.??"]
[EventType "blitz"]

1. e4 e5 2. Nf3 d5 3. Nxe5 Qe7 4. d4 f6 5. Ng4 dxe4 6. Nc3 Nc6 7. Bb5 Bd7 8.
Nd5 Qd6 9. c4 g5 10. h4 O-O-O 11. hxg5 Nb4 12. Bxd7+ Qxd7 13. Ngxf6 Nxf6 14.
Nxf6 Qxd4 15. Qg4+ Kb8 16. O-O Bg7 17. Be3 Qxc4 18. Rac1 Qb5 19. Rc5 Qa4 20.
Qxe4 Bxf6 21. gxf6 Rhe8 22. Re5 Rxe5 23. Qxe5 Nd3 24. Qe7 Re8 25. Qxh7 Ne5 26.
Qe4 Qxe4 {Time forfeit} 0-1

[Event "Rated Blitz game"]
[Site "?"]
[Date "2021.07.20"]
[Round "?"]
[White "vviageiro"]
[Black "olarovfan"]
[Result "1-0"]
[WhiteElo "2583"]
[BlackElo "2672"]
[PlyCount "31"]
[EventDate "2021.??.??"]
[EventType "blitz"]

1. e4 e5 2. Nf3 d5 3. d4 dxe4 4. Nxe5 Bd6 5. Qe2 Nf6 6. Nc3 Bf5 7. Bg5 Nc6 8.
O-O-O h6 9. Bh4 g5 10. Bg3 Ne7 11. h4 g4 12. f3 gxf3 13. gxf3 Rg8 14. Bh2 exf3
15. Qxf3 Be6 16. Qxf6 {Normal} 1-0

[Event "Rated Blitz game"]
[Site "?"]
[Date "2021.07.20"]
[Round "?"]
[White "Ayosi"]
[Black "FourNinetySix"]
[Result "1-0"]
[WhiteElo "2337"]
[BlackElo "2486"]
[PlyCount "63"]
[EventDate "2021.??.??"]
[EventType "blitz"]

1. e4 e5 2. Nf3 d5 3. Nxe5 Bd6 4. d4 dxe4 5. Nc4 Nf6 6. Bg5 Nc6 7. c3 Be7 8.
Nbd2 Bf5 9. Qb3 Rb8 10. Ne3 Bg6 11. Be2 h6 12. Bh4 O-O 13. O-O b5 14. Rfe1 b4
15. Qa4 bxc3 16. bxc3 Qe8 17. Bb5 Rb6 18. Ndc4 a6 19. Bxa6 Nxd4 20. Nxb6 Nf3+
21. gxf3 Qb8 22. Bxf6 Bxf6 23. Nd7 Qa7 24. Nxf6+ gxf6 25. fxe4 Qc5 26. Bf1 Qg5+
27. Bg2 Bh5 28. Kh1 Kh8 29. Qd4 Rg8 30. Rg1 Qf4 31. Nd5 Qe5 32. Nxf6 {Normal}
1-0

[Event "Rated Blitz game"]
[Site "?"]
[Date "2021.07.20"]
[Round "?"]
[White "Napo18"]
[Black "GoughPhar"]
[Result "1/2-1/2"]
[WhiteElo "2625"]
[BlackElo "2455"]
[PlyCount "119"]
[EventDate "2021.??.??"]
[EventType "blitz"]

1. e4 e5 2. Nf3 d5 3. d3 dxe4 4. dxe4 Qxd1+ 5. Kxd1 Bg4 6. Be2 Nc6 7. Ne1
O-O-O+ 8. Nd3 Nf6 9. Nd2 Nb4 10. Nxb4 Bxb4 11. f3 Bxd2 12. Bxd2 Rd6 13. fxg4
Nxe4 14. Bd3 Nf2+ 15. Ke2 Nxh1 16. Rxh1 e4 17. Bc4 Rhd8 18. Bf4 Rf6 19. Bg5 Rc6
20. Bxd8 Rxc4 21. Bg5 Rxc2+ 22. Bd2 Rxb2 23. a4 Ra2 24. a5 b5 25. axb6 axb6 26.
Rf1 f6 27. Rf4 c5 28. Rxe4 Kd7 29. g5 fxg5 30. Kd3 b5 31. Re5 c4+ 32. Ke3 c3
33. Bxc3 Rxg2 34. Rxb5 Rxh2 35. Rxg5 g6 36. Be5 Rh3+ 37. Bg3 Ke6 38. Kf4 Rh1
39. Ra5 Rf1+ 40. Kg4 Rg1 41. Kf3 Kf6 42. Be5+ Ke6 43. Bd4 Rf1+ 44. Ke4 Rf7 45.
Ra6+ Ke7 46. Ke5 Rf5+ 47. Ke4 Rh5 48. Be5 Rh1 49. Kd5 Rd1+ 50. Bd4 h5 51. Rxg6
h4 52. Rh6 Rh1 53. Bf6+ Kf7 54. Bxh4 Rd1+ 55. Ke5 Rb1 56. Rf6+ Kg7 57. Rf4 Rb5+
58. Ke4 Rb4+ 59. Kf5 Rxf4+ 60. Kxf4 {Normal} 1/2-1/2

[Event "Rated Blitz game"]
[Site "?"]
[Date "2021.07.20"]
[Round "?"]
[White "Dima1103"]
[Black "FourNinetySix"]
[Result "1-0"]
[WhiteElo "2523"]
[BlackElo "2483"]
[PlyCount "153"]
[EventDate "2021.??.??"]
[EventType "blitz"]

1. e4 e5 2. Nf3 d5 3. Nxe5 Bd6 4. d4 dxe4 5. Nc3 Bxe5 6. dxe5 Qxd1+ 7. Nxd1 Nc6
8. Bf4 Nge7 9. Nc3 Bg4 10. h3 Bh5 11. g4 Bg6 12. Bg2 O-O-O 13. Bxe4 Bxe4 14.
Nxe4 Rd4 15. f3 Ng6 16. Be3 Rc4 17. O-O-O Ncxe5 18. Nd2 Rc6 19. Kb1 Re8 20. Bd4
f6 21. Rde1 Rce6 22. Re4 Nxf3 23. Rxe6 Nxd2+ 24. Kc1 Nb3+ 25. axb3 Rxe6 26. Rh2
b6 27. b4 a6 28. c3 Nf4 29. Kd2 h5 30. gxh5 Nxh5 31. h4 Ng3 32. Rg2 Nf5 33. Bf2
Rd6+ 34. Ke2 Rd5 35. Kf3 Kb7 36. Kf4 b5 37. Bc5 Nxh4 38. Rxg7 Rd2 39. b3 Ng2+
40. Kf3 Ne1+ 41. Ke3 Rb2 42. Bd6 Rxb3 43. Rxc7+ Kb6 44. Kd2 Nf3+ 45. Kc2 Ra3
46. Rf7 Ra2+ 47. Kb3 Rg2 48. Bc5+ Kc6 49. Rxf6+ Kd5 50. Rxf3 Rg6 51. Rd3+ Kc6
52. Rf3 Re6 53. Bd4 Kd5 54. Rh3 Kc6 55. Rh8 Kd5 56. Rb8 Re1 57. Rb6 Ra1 58. Kb2
Ra4 59. Rh6 a5 60. bxa5 Rxa5 61. Kb3 Ra1 62. Rh5+ Kc6 63. Bg7 Rb1+ 64. Kc2 Rg1
65. Bf8 Rg8 66. Bb4 Rg2+ 67. Kb3 Rg3 68. Rh6+ Kb7 69. Bc5 Rg4 70. Bd4 Rg5 71.
Kb4 Rf5 72. Rb6+ Kc7 73. Rxb5 Rf1 74. Rh5 Rf8 75. Kc5 Rf7 76. c4 Rf5+ 77. Rxf5
{Normal} 1-0

[Event "Rated Blitz game"]
[Site "?"]
[Date "2021.07.20"]
[Round "?"]
[White "TheThrill"]
[Black "Dzon_Vejn"]
[Result "1/2-1/2"]
[WhiteElo "2366"]
[BlackElo "2439"]
[PlyCount "81"]
[EventDate "2021.??.??"]
[EventType "blitz"]

1. e4 e5 2. Nf3 d5 3. Nxe5 Bd6 4. Nf3 dxe4 5. Qe2 Qe7 6. Nd4 Nc6 7. Nxc6 bxc6
8. c4 Nf6 9. Nc3 Bg4 10. Qe3 Qe5 11. d4 exd3 12. Qxe5+ Bxe5 13. Bxd3 O-O-O 14.
Be2 Bxe2 15. Nxe2 Rhe8 16. Be3 Bxb2 17. Rb1 Bd4 18. Nxd4 Rxd4 19. O-O Rxc4 20.
Bxa7 Nd5 21. Rfd1 Kd7 22. Bd4 f6 23. g3 Re2 24. Ra1 Ra4 25. a3 h5 26. h4 Kd6
27. Kg2 c5 28. Kf3 Rc2 29. Be3 Rc3 30. Ke2 Raxa3 31. Rab1 Rcb3 32. Rbc1 Rc3 33.
Rb1 Rab3 34. Ra1 Rc2+ 35. Kf1 Kc6 36. Bc1 Rb6 37. Ra5 Rb5 38. Ra6+ Rb6 39. Ra5
Nb4 40. Be3 Nd5 41. Bc1 {Normal} 1/2-1/2

[Event "Rated Blitz game"]
[Site "?"]
[Date "2021.07.20"]
[Round "?"]
[White "Redteason"]
[Black "Almalik25"]
[Result "0-1"]
[WhiteElo "2422"]
[BlackElo "2295"]
[PlyCount "38"]
[EventDate "2021.??.??"]
[EventType "blitz"]

1. e4 e5 2. Nf3 d5 3. exd5 e4 4. Qe2 Nf6 5. d3 Bd6 6. dxe4 O-O 7. Nbd2 Re8 8.
Qd1 Nxd5 9. Bd3 Nf4 10. O-O Nxd3 11. cxd3 Bg4 12. Qb3 Nd7 13. Qxb7 Nc5 14. Qb5
Nxd3 15. h3 Be6 16. Qh5 Nf4 17. Qg5 f6 18. Qh4 g5 19. Qh6 Bf8 {Normal} 0-1

[Event "Rated Blitz game"]
[Site "?"]
[Date "2021.07.20"]
[Round "?"]
[White "RondinelleParaiba"]
[Black "Schachelite"]
[Result "1-0"]
[WhiteElo "2388"]
[BlackElo "2451"]
[PlyCount "57"]
[EventDate "2021.??.??"]
[EventType "blitz"]

1. e4 e5 2. Nf3 d5 3. d4 dxe4 4. Nxe5 Bd6 5. Nc4 Nf6 6. Be2 O-O 7. O-O Nc6 8.
Be3 b6 9. Nxd6 Qxd6 10. Nd2 Rd8 11. c3 Bb7 12. Qc2 Ne7 13. Bg5 h6 14. Bxf6 Qxf6
15. Nxe4 Qg6 16. Bd3 c5 17. Ng3 Qd6 18. Rad1 cxd4 19. cxd4 Rac8 20. Qe2 Nd5 21.
Nf5 Qf6 22. g3 Re8 23. Qg4 Rcd8 24. Rfe1 Kf8 25. Bc4 g6 26. Ne3 Nxe3 27. fxe3
h5 28. Qf4 Qc6 29. Qxf7# {Normal} 1-0

[Event "Rated Blitz game"]
[Site "?"]
[Date "2021.07.20"]
[Round "?"]
[White "letsplayludo"]
[Black "pasha1984"]
[Result "0-1"]
[WhiteElo "2423"]
[BlackElo "2385"]
[PlyCount "134"]
[EventDate "2021.??.??"]
[EventType "blitz"]

1. e4 e5 2. Nf3 d5 3. exd5 e4 4. Ne5 Qxd5 5. d4 exd3 6. Nxd3 Bf5 7. Nc3 Qe6+ 8.
Qe2 Nc6 9. Qxe6+ Bxe6 10. Be3 O-O-O 11. O-O-O Nf6 12. f3 Nd5 13. Nxd5 Bxd5 14.
a3 f6 15. Nf4 Bf7 16. Bb5 Bd6 17. Bxc6 bxc6 18. Nd3 Kb7 19. g3 Rhe8 20. Rhe1
Bd5 21. f4 Bf3 22. Rd2 h5 23. Bf2 Rxe1+ 24. Nxe1 Be4 25. Bc5 h4 26. Bxd6 cxd6
27. b4 hxg3 28. hxg3 Rh8 29. Kb2 Rh1 30. Nd3 Rg1 31. Nf2 Bf5 32. g4 Bxg4 33.
Nxg4 Rxg4 34. Rxd6 Kc7 35. Re6 Kd7 36. Re4 g5 37. Rd4+ Kc7 38. Re4 Rxf4 39.
Re7+ Kb6 40. c3 g4 41. Rg7 f5 42. Kb3 a5 43. c4 axb4 44. axb4 Rf3+ 45. Ka4 g3
46. c5+ Ka6 47. Rc7 g2 48. Rxc6+ Kb7 49. Rg6 Rf2 50. Kb5 f4 51. Rg7+ Kc8 52.
Kc6 Kd8 53. b5 f3 54. b6 Rb2 55. b7 Rb1 56. Rg8+ Ke7 57. Kc7 f2 58. b8=Q Rxb8
59. Rxb8 f1=Q 60. c6 g1=Q 61. Rb7 Ke6 62. Kb8 Qa6 63. c7 Qg3 64. Rb1 Qa4 65.
Rb6+ Kd7 66. Rb7 Kc6 67. Rb1 Qxc7# {Normal} 0-1

[Event "Rated Blitz game"]
[Site "?"]
[Date "2021.07.20"]
[Round "?"]
[White "vaiCheb0a"]
[Black "rofaidah"]
[Result "0-1"]
[WhiteElo "2434"]
[BlackElo "2446"]
[PlyCount "66"]
[EventDate "2021.??.??"]
[EventType "blitz"]

1. e4 e5 2. Nf3 d5 3. exd5 e4 4. Qe2 Nf6 5. Nc3 Bf5 6. d3 Bb4 7. Bd2 Bxc3 8.
Bxc3 O-O 9. dxe4 Nxe4 10. O-O-O Nxc3 11. bxc3 Nd7 12. Nd4 Bg6 13. h4 h6 14. f4
Re8 15. Qf2 Bh5 16. Be2 Bxe2 17. Nxe2 Qe7 18. Rhe1 Qa3+ 19. Kb1 Nc5 20. Qd4
Rxe2 21. Rxe2 Na4 22. c4 Nc3+ 23. Qxc3 Qxc3 24. Re4 f5 25. Re7 Qxc4 26. Rde1
Qxd5 27. Rxc7 Qb5+ 28. Kc1 Rd8 29. Ree7 Qf1+ 30. Kb2 Qxg2 31. Rxb7 Rd2 32. Rec7
Rxc2+ 33. Rxc2 Qxb7+ {Normal} 0-1

[Event "Rated Blitz game"]
[Site "?"]
[Date "2021.07.20"]
[Round "?"]
[White "asa76"]
[Black "CreepyMovez"]
[Result "1-0"]
[WhiteElo "2541"]
[BlackElo "2392"]
[PlyCount "59"]
[EventDate "2021.??.??"]
[EventType "blitz"]

1. e4 e5 2. Nf3 d5 3. Bc4 dxc4 4. O-O Nc6 5. d3 cxd3 6. cxd3 Bg4 7. Nc3 Bc5 8.
h3 Bh5 9. Be3 Bb6 10. Nd5 Nf6 11. Bg5 Nd4 12. g4 Bg6 13. Nxd4 Bxd4 14. Qf3 Qd6
15. Bxf6 gxf6 16. Nxf6+ Kf8 17. g5 h6 18. h4 hxg5 19. hxg5 Qe6 20. Kg2 Kg7 21.
Rh1 Bxb2 22. Rab1 Bd4 23. Rxb7 Bb6 24. Nd5 Rxh1 25. Kxh1 Rh8+ 26. Kg2 Rh4 27.
Nf6 Rf4 28. Rb8 Rxf6 29. gxf6+ Qxf6 30. Rg8+ {Normal} 1-0

[Event "Rated Blitz game"]
[Site "?"]
[Date "2021.07.20"]
[Round "?"]
[White "Tokar1987"]
[Black "Maltinho"]
[Result "1-0"]
[WhiteElo "2402"]
[BlackElo "2529"]
[PlyCount "97"]
[EventDate "2021.??.??"]
[EventType "blitz"]

1. e4 e5 2. Nf3 d5 3. exd5 Bd6 4. d4 e4 5. Qe2 Nf6 6. Bg5 O-O 7. Ne5 Re8 8. Nc3
Bxe5 9. dxe5 Rxe5 10. O-O-O Bf5 11. Bf4 Re8 12. d6 c6 13. Qc4 Nbd7 14. Qb3 b5
15. Be2 a5 16. Nxb5 cxb5 17. Qxb5 Rb8 18. Qxf5 Qb6 19. b3 Qxf2 20. Bc4 Re5 21.
Qxe5 Nxe5 22. Bxe5 Rd8 23. Rhf1 Qe3+ 24. Kb1 a4 25. Rxf6 gxf6 26. Bxf6 Rd7 27.
Bb5 Qa7 28. Bxd7 Qxd7 29. Rd4 e3 30. Rg4+ Kf8 31. Be7+ Qxe7 32. dxe7+ Ke8 33.
Re4 e2 34. Rxe2 a3 35. c4 f5 36. Kc2 f4 37. Rf2 f3 38. Rxf3 h5 39. Rh3 Kxe7 40.
Rxh5 Kd6 41. Rd5+ Kc6 42. g4 Kb6 43. g5 Kc6 44. g6 Kb6 45. g7 Kc6 46. g8=Q Kb6
47. Qe6+ Kb7 48. Rd7+ Kc8 49. Qe8# {Normal} 1-0

[Event "Rated Rapid game"]
[Site "?"]
[Date "2021.07.20"]
[Round "?"]
[White "DJP_Tristiyanto_Tris"]
[Black "Dr_Lenk"]
[Result "1-0"]
[WhiteElo "2409"]
[BlackElo "2326"]
[PlyCount "77"]
[EventDate "2021.??.??"]
[EventType "rapid"]

1. e4 e5 2. Nf3 d5 3. exd5 e4 4. Qe2 Nf6 5. c4 Be7 6. Nd4 Nc6 7. Nxc6 bxc6 8.
dxc6 O-O 9. Qd1 Bc5 10. Be2 Bf5 11. O-O Qd6 12. Nc3 Rad8 13. a3 Qf4 14. d4 Qh4
15. d5 Bd6 16. g3 Qh3 17. Re1 Ng4 18. Bxg4 Bxg4 19. Re2 f5 20. Qf1 Qh5 21. Re1
Bf3 22. Re3 Bg4 23. Bd2 Bc5 24. Ree1 Rd6 25. Ne2 g5 26. Nf4 gxf4 27. Bxf4 Rff6
28. h4 Rg6 29. b4 Bd4 30. Bxd6 cxd6 31. c7 f4 32. Rxe4 Be5 33. Rxe5 dxe5 34.
Qd3 Bf5 35. Re1 fxg3 36. fxg3 Qxh4 37. c8=Q+ Bxc8 38. Qxg6+ hxg6 39. gxh4 {
Normal} 1-0